Diccionario de la lengua española

Zapisane w:
Opis bibliograficzny
Korporacja: Real Academia Española (Autor)
Format: Książka
Język:hiszpański
Wydane: Buenos Aires Espasa Calpe 2001
Buenos Aires Planeta 2001
Wydanie:22a. ed
Hasła przedmiotowe:
Etykiety: Dodaj etykietę
Nie ma etykietki, Dołącz pierwszą etykiete!

MARC

LEADER 00000nam a2200000 a 4500
001 UCL4295
003 CL-VaPUC
008 040109e20010000ag |||||||||||||||||spa|d
020 |a 950852149X 
020 |a 9508521503v.1 
020 |a 9508521511v.2 
082 0 4 |a 463  |b REA  |2 21 
110 2 |a Real Academia Española  |e author  |9 481781 
245 1 0 |a Diccionario de la lengua española 
250 |a 22a. ed 
300 |a v 
942 |c BK 
945 |d 20040109 00:00:00  |a cmena 
260 |a Buenos Aires  |b Espasa Calpe  |c 2001 
260 |a Buenos Aires  |b Planeta  |c 2001 
500 |a v.1: a-g 
500 |a v.2: h-z 
650 0 |a Diccionarios  |9 256200 
650 0 |a Español  |9 255372 
650 0 |a Glosarios  |9 261047 
583 |a last modification  |c 20171010 03:58:10  |k Rodrigo Vera 
999 |c 307172  |d 307170 
952 |0 0  |1 0  |4 0  |6 463_000000000000000_REA_2001_2001  |7 0  |8 F  |9 372833  |a BIBTEO  |b BIBTEO  |d 2019-11-21  |h v.1  |i 3978575  |o 463 REA 2001 2001  |p 3978575  |r 2025-01-17  |w 2019-11-21  |y BK_F  |k ICR 
952 |0 0  |1 0  |4 0  |6 463_000000000000000_REA_2001_2001  |7 0  |8 F  |9 372834  |a BIBTEO  |b BIBTEO  |d 2019-11-21  |h v.2  |i 3978583  |o 463 REA 2001 2001  |p 3978583  |r 2025-01-17  |w 2019-11-21  |y BK_F  |k ICR 
952 |0 0  |1 0  |2 ddc  |4 0  |6 463_000000000000000_REA_2001_2001  |7 0  |8 R  |9 372835  |a BIBCUR  |b BIBCUR  |d 2019-11-21  |h v.1  |i 4296036  |l 1  |o 463 REA 2001 2001  |p 4296036  |r 2025-04-22  |s 2023-08-16  |w 2019-11-21  |y BK_R  |k PER 
952 |0 0  |1 0  |2 ddc  |4 0  |6 463_000000000000000_REA_2001_2001  |7 0  |8 R  |9 372836  |a BIBCUR  |b BIBCUR  |d 2019-11-21  |h v.1  |i 4296044  |l 3  |o 463 REA 2001 2001  |p 4296044  |r 2025-04-22  |s 2024-10-02  |w 2019-11-21  |y BK_R  |k PER 
952 |0 0  |1 0  |2 ddc  |4 0  |6 463_000000000000000_REA_2001_2001  |7 0  |8 R  |9 372838  |a BIBCUR  |b BIBCUR  |d 2019-11-21  |h v.1  |i 4296060  |l 1  |o 463 REA 2001 2001  |p 4296060  |r 2025-04-22  |s 2023-08-16  |w 2019-11-21  |y BK_R  |k PER 
952 |0 0  |1 0  |2 ddc  |4 0  |6 463_000000000000000_REA_2001_2001  |7 0  |8 R  |9 372839  |a BIBCUR  |b BIBCUR  |d 2019-11-21  |h v.2  |i 4296079  |l 1  |o 463 REA 2001 2001  |p 4296079  |r 2025-04-22  |s 2023-08-16  |w 2019-11-21  |y BK_R  |k PER 
952 |0 0  |1 0  |2 ddc  |4 0  |6 463_000000000000000_REA_2001_2001  |7 0  |8 R  |9 372841  |a BIBCUR  |b BIBCUR  |d 2019-11-21  |h v.2  |i 4296095  |l 1  |o 463 REA 2001 2001  |p 4296095  |r 2025-04-22  |s 2023-08-16  |w 2019-11-21  |y BK_R  |k PER 
952 |0 0  |1 2  |4 0  |6 463_000000000000000_REA_2001_2001  |7 0  |8 F  |9 372843  |a BIBTEO  |b BIBTEO  |d 2019-11-21  |h v.1  |i 4602064  |o 463 REA 2001 2001  |p 4602064  |r 2019-11-21  |w 2019-11-21  |y BK_F  |k ICR 
952 |0 0  |1 2  |4 0  |6 463_000000000000000_REA_2001_2001  |7 0  |8 F  |9 372844  |a BIBTEO  |b BIBTEO  |d 2019-11-21  |h v.2  |i 4602072  |o 463 REA 2001 2001  |p 4602072  |r 2019-11-21  |w 2019-11-21  |y BK_F  |k ICR 
952 |0 0  |1 0  |4 0  |6 463_000000000000000_REA_2001_2001  |7 0  |8 ?  |9 372845  |a BIBDER  |b BIBDER  |d 2019-11-21  |h v.1  |i 4656199  |l 1  |o 463 REA 2001 2001  |p 4656199  |r 2023-01-25  |s 2022-11-28  |w 2019-11-21  |y BK  |k DER 
952 |0 0  |1 0  |4 0  |6 463_000000000000000_REA_2001_2001  |7 0  |8 ?  |9 372846  |a BIBDER  |b BIBDER  |d 2019-11-21  |h v.2  |i 4656202  |l 1  |o 463 REA 2001 2001  |p 4656202  |r 2023-01-25  |s 2022-11-28  |w 2019-11-21  |y BK  |k DER